01058 a2200169 45000010006000000050017000060080041000230030015000640400040000790800109001192450046002282500012002742640036002863000019003225050528003411000019008695334820260407155808.0260407a1965 arg spa dAR-UNSa-BCEJYS aAR-UNSa-BCEJYSbspacAR-UNSa-BCEJYS a339.9xEconomía internacional en general. Relaciones económicas internacionales. Economía mundial 10aHistoria económica de Europap1960-1939 a3a. ed. 1aBarcelona :bLuis Miraclec1965 a330 p.c21 cm. a1. La Revolución Industrial - 2. La Revolución agraria - 3. La Revolución en el transporte - 4. La revolución en el comercio - 5. La revolución política comercial - 6. Moneda, banca e inversión - 7. El socialismo y el problema social - 8. El movimiento obrero político - 9. El movimiento sindical obrero - 10. El movimiento cooperativo - 11. Participación en los beneficios y coasociación - 12. La legislación industrial - 13. Las leyes de benficiencia - 14. El seguro social - 15. Tendencias modernas1 aBirnie, Arthur